000 01008cam a2200277 4500
008 000000n2002 000 0 eng u
020 _a184219089X
035 _a(Sirsi) u116777
041 _aeng
050 _a333.0062
_c18
110 _aRoyal Institution of Chartered Surveyors
_94900
245 _aRoyal charter and bye-laws 1973 (amended 1975, 1977, 1978, 1980, 1981, 1985, 1986, 1988, 1990, 1993, 1995, 1998, 1999, 2000 and 2002)
250 _a(Rev. ed.)
260 _aLondon
_bRICS
_c2002
300 _a1v. (loose-leaf)
_c31cm.
520 _aSUPERSEDED BY 2003 UPDATE ISBN 1842191608. Incorporates all amendments up to and including those allowed by the Privy Council on 6 March 2002.
650 _aABOUT RICS-RICS MEMBERS
650 _aMEMBERSHIP
650 _aPROFESSIONAL PRACTICE
650 _aRICS BYE-LAWS
650 _aRICS ROYAL CHARTER
650 _aRICS
650 _aRICS RULES OF CONDUCT
690 _aMANAGEMENT-BUSINESS MANAGEMENT-PROFESSIONAL PRACTICE
942 _n0
999 _c101897
_d101897